[Event "XXXV Memorial Edoardo Crespi A"]
[Site "Milano ITA"]
[Date "2014.12.06"]
[Round "3"]
[White "Bisignano, Giuseppe"]
[Black "Sannino, Raffaele"]
[WhiteElo "1850"]
[BlackElo "2025"]
[Result "1/2-1/2"]
[PlyCount "103"]
[EventDate "2014.12.04"]

1. e4 g6 2. d4 Bg7 3. Nc3 d6 4. Bc4 e6 5. f4 Qh4+ 6. g3 Qe7 7. Nf3 c6 8. O-O d5
9. exd5 cxd5 10. Bd3 Nf6 11. Re1 Nc6 12. f5 O-O 13. Bg5 Qb4 14. fxe6 fxe6 15.
a3 Qb6 16. Na4 Qc7 17. c3 b6 18. Bf4 Qe7 19. c4 Nh5 20. Be5 Nxe5 21. Nxe5 Qg5
22. Qc1 Nf4 23. Kh1 Nh3 24. Qxg5 Nxg5 25. cxd5 exd5 26. Rac1 Bh3 27. Bf1 Bf5
28. Bg2 Be4 29. Nc3 Rf2 30. Bxe4 dxe4 31. Nxe4 Nxe4 32. Rxe4 Rxb2 33. d5 Rd2
34. Nc6 Bf8 35. Ne7+ Bxe7 36. Rxe7 Rxd5 37. Rcc7 Rh5 38. Kg2 a6 39. g4 Ra5 40.
Rg7+ Kf8 41. Rxh7 Kg8 42. Rcg7+ Kf8 43. Rxg6 b5 44. Rb6 Kg8 45. Rbh6 Rxa3 46.
g5 Rf8 47. h4 Rf4 48. Rd7 Rc4 49. Rf6 Rg4+ 50. Kf2 Rxh4 51. Rd8+ Kg7 52. Rd7+
1/2-1/2

[Event "XXXV Memorial Edoardo Crespi A"]
[Site "Milano ITA"]
[Date "2014.12.06"]
[Round "3"]
[White "Cerioni, Armando"]
[Black "Quagliarella, Sabino Remo"]
[WhiteElo "1938"]
[BlackElo "1848"]
[Result "1/2-1/2"]
[PlyCount "118"]
[EventDate "2014.12.04"]

1. e4 c5 2. Nf3 Nc6 3. Nc3 d6 4. d4 cxd4 5. Nxd4 Nf6 6. Bc4 a6 7. Nxc6 bxc6 8.
e5 Ng4 9. e6 Ne5 10. exf7+ Nxf7 11. Bxf7+ Kxf7 12. Qf3+ Kg8 13. Qxc6 Be6 14.
Be3 Qc8 15. Qxc8 Rxc8 16. O-O Bf5 17. Rac1 e6 18. Rfd1 d5 19. Rd2 Bb4 20. Bd4
Kf7 21. a3 Be7 22. Ne2 Bg4 23. Re1 Bd6 24. f3 Bf5 25. c3 Rhe8 26. Be3 h6 27.
Nd4 Bh7 28. f4 Be4 29. Ne2 Be7 30. Rf1 Kg8 31. Ng3 Bg6 32. Bd4 Bh4 33. f5 exf5
34. Nxf5 Bxf5 35. Rxf5 Re1+ 36. Rf1 Rce8 37. Bf2 Bxf2+ 38. Rdxf2 R1e2 39. g3
R2e7 40. Rd1 Re5 41. Rfd2 Rb8 42. b4 Rc8 43. Rxd5 Rxd5 44. Rxd5 Rxc3 45. Ra5
Rc6 46. Kg2 Kf7 47. Rf5+ Ke6 48. Rf3 g5 49. g4 Ke5 50. Kg3 Ke4 51. Rb3 Rc1 52.
a4 Kd4 53. b5 axb5 54. Rb4+ Kc5 55. Rxb5+ Kc6 56. Rf5 Rg1+ 57. Kf3 Rf1+ 58. Kg3
Rg1+ 59. Kf2 Rxg4 1/2-1/2

[Event "XXXV Memorial Edoardo Crespi A"]
[Site "Milano ITA"]
[Date "2014.12.06"]
[Round "3"]
[White "Cordi', Domenico"]
[Black "Bonassi, Tommaso"]
[WhiteElo "2033"]
[BlackElo "1981"]
[Result "1/2-1/2"]
[PlyCount "51"]
[EventDate "2014.12.04"]

1. d4 Nf6 2. Nf3 e6 3. c4 Bb4+ 4. Bd2 Qe7 5. a3 Bxd2+ 6. Qxd2 d6 7. Nc3 Nc6 8.
e3 e5 9. d5 Nb8 10. e4 O-O 11. Bd3 a5 12. O-O Na6 13. Bc2 Bd7 14. b3 Rfb8 15.
Rab1 c6 16. Rfd1 Ne8 17. b4 b5 18. dxc6 Bxc6 19. cxb5 axb4 20. bxa6 bxc3 21.
Qxc3 Bb5 22. Bd3 Bxd3 23. Rxb8 Rxb8 24. Qxd3 Qa7 25. Rc1 Rb6 26. h3 1/2-1/2

[Event "XXXV Memorial Edoardo Crespi A"]
[Site "Milano ITA"]
[Date "2014.12.06"]
[Round "3"]
[White "De Vincentiis, Federico"]
[Black "Blasco, Domenico"]
[WhiteElo "1842"]
[BlackElo "1902"]
[Result "0-1"]
[PlyCount "106"]
[EventDate "2014.12.04"]

1. d4 Nf6 2. c4 c5 3. d5 b5 4. cxb5 a6 5. e3 axb5 6. Bxb5 Qa5+ 7. Nc3 Ne4 8.
Nge2 Nxc3 9. Nxc3 g6 10. a4 Bg7 11. Bd2 Qc7 12. O-O O-O 13. Qe2 d6 14. Rac1 Ba6
15. Bxa6 Nxa6 16. Nb5 Qb7 17. e4 Rfb8 18. Ba5 Rc8 19. b3 Nb8 20. Bc3 Nd7 21.
Bxg7 Kxg7 22. Rc3 Nb6 23. Rfc1 c4 24. Qb2 f6 25. Nd4 Nxa4 26. Qd2 Nxc3 27. Qxc3
cxb3 28. Nc6 Ra2 29. Rb1 Qb6 30. Qe1 Kf7 31. Nb4 Rxf2 32. Qxf2 Qxb4 33. Qe3 Qc3
34. Rxb3 Qxe3+ 35. Rxe3 Rc5 36. Kf2 e6 37. dxe6+ Kxe6 38. g4 Ke5 39. Kf3 Rc2
40. h3 Rh2 41. Kg3 Rc2 42. Kf3 Kd4 43. Ra3 Rc3+ 44. Rxc3 Kxc3 45. Kf4 Kd4 46.
h4 d5 47. exd5 Kxd5 48. h5 Ke6 49. h6 Kd5 50. Kf3 Ke5 51. Ke3 f5 52. Kf3 f4 53.
Kf2 g5 0-1

[Event "XXXV Memorial Edoardo Crespi A"]
[Site "Milano ITA"]
[Date "2014.12.06"]
[Round "3"]
[White "Dei Giudici, Paolo"]
[Black "Ni, Polina"]
[WhiteElo "1761"]
[BlackElo "1864"]
[Result "1-0"]
[PlyCount "115"]
[EventDate "2014.12.04"]

1. e4 Nf6 2. Nc3 d5 3. exd5 Nxd5 4. d4 Nc6 5. Nf3 Bg4 6. Bc4 e6 7. Nxd5 exd5 8.
Be2 Qd7 9. Bf4 O-O-O 10. Qd2 Bb4 11. c3 Be7 12. O-O h6 13. b4 Bxf3 14. Bxf3 g5
15. Bg3 h5 16. h4 gxh4 17. Bf4 h3 18. g3 h2+ 19. Kxh2 h4 20. g4 Rdg8 21. Rg1 f5
22. Kh3 Kb8 23. Rg2 Rg7 24. b5 Na5 25. Qd3 Rf7 26. g5 Rg8 27. g6 Rfg7 28. Rag1
Bf6 29. Be5 Rf8 30. Bxf6 Rxf6 31. Kxh4 Nc4 32. Rg5 Qe7 33. Qe2 Qxe2 34. Bxe2
Nd6 35. f3 Kc8 36. Bd3 Kd7 37. Kh5 Rf8 38. Kh6 Ne8 39. Rxf5 Rh8+ 40. Kg5 Rxg6+
41. Kxg6 Rg8+ 42. Kf7 Rxg1 43. Rxd5+ Nd6+ 44. Kf6 c6 45. bxc6+ Kxc6 46. Be4 Re1
47. Re5+ Kc7 48. Re7+ Kd8 49. Rh7 Nxe4+ 50. fxe4 Rxe4 51. Rxb7 a5 52. Ra7 Re3
53. c4 Rc3 54. c5 Rc4 55. Ke5 a4 56. Kd5 Rb4 57. a3 Rb3 58. Rxa4 1-0

[Event "XXXV Memorial Edoardo Crespi A"]
[Site "Milano ITA"]
[Date "2014.12.06"]
[Round "3"]
[White "Donadi, Luca"]
[Black "Ferrari, Claudio"]
[WhiteElo "1785"]
[BlackElo "1969"]
[Result "0-1"]
[PlyCount "50"]
[EventDate "2014.12.04"]

1. e4 e5 2. Nf3 Nc6 3. Bc4 Bc5 4. c3 d6 5. d4 exd4 6. cxd4 Bb6 7. O-O Nf6 8.
Bg5 O-O 9. h3 h6 10. Bh4 g5 11. e5 dxe5 12. dxe5 Qxd1 13. Rxd1 Nh5 14. g4 Nf4
15. Bg3 Nxh3+ 16. Kg2 Bxg4 17. Nbd2 Kg7 18. Rh1 h5 19. Ne4 h4 20. Bh2 Rad8 21.
Rad1 Kg6 22. Rhe1 Nd4 23. Bd3 Nxf3 24. Nf6+ Rxd3 25. Nxg4 Nxe1+ 0-1

[Event "XXXV Memorial Edoardo Crespi A"]
[Site "Milano ITA"]
[Date "2014.12.06"]
[Round "3"]
[White "Giaretta, Fulvio"]
[Black "Piantoni, Pierino"]
[WhiteElo "1815"]
[BlackElo "1889"]
[Result "1/2-1/2"]
[PlyCount "83"]
[EventDate "2014.12.04"]

1. e4 e6 2. Nf3 d5 3. exd5 exd5 4. d4 Bd6 5. Be2 h6 6. c4 dxc4 7. Qa4+ Bd7 8.
Qxc4 Nf6 9. Ne5 O-O 10. Nxd7 Nbxd7 11. O-O Nb6 12. Qb3 Qd7 13. Nc3 c6 14. Bf3
Rfe8 15. Qc2 Rad8 16. g3 Bf8 17. Be3 Nbd5 18. Nxd5 Nxd5 19. Qb3 Re7 20. Rad1
Qf5 21. Bg2 g6 22. Rd2 Bg7 23. Bxd5 Qxd5 24. Qa3 Red7 25. Qxa7 Qb5 26. Rfd1 Bf8
27. d5 Rxd5 28. Rxd5 Rxd5 29. Rxd5 cxd5 30. Qb6 Qd7 31. Bf4 d4 32. Qc7 Qd5 33.
Qc8 g5 34. Bd2 Kg7 35. Qg4 Kh7 36. h4 gxh4 37. Qxh4 Bg7 38. b3 Qf5 39. Qf4 Qh5
40. g4 Qd5 41. f3 Qe6 42. Qe4+ 1/2-1/2

[Event "XXXV Memorial Edoardo Crespi A"]
[Site "Milano ITA"]
[Date "2014.12.06"]
[Round "3"]
[White "Laurino, Alberto"]
[Black "Calcagno, Stefano"]
[WhiteElo "1770"]
[BlackElo "1828"]
[Result "1-0"]
[PlyCount "69"]
[EventDate "2014.12.04"]

1. e4 c5 2. Nf3 Nc6 3. d4 cxd4 4. Nxd4 Nf6 5. Nc3 e5 6. Nxc6 bxc6 7. Bc4 Bb4 8.
Bd2 O-O 9. O-O Re8 10. Re1 d6 11. a3 Ba5 12. b4 Bc7 13. Bg5 h6 14. Bh4 a6 15.
Re3 g5 16. Bg3 Bg4 17. Qd2 Bb6 18. Rd3 Bd4 19. Re1 Nh5 20. Ne2 Bxe2 21. Qxe2
Ng7 22. Red1 d5 23. Bb3 f5 24. exd5 cxd5 25. c3 f4 26. cxd4 fxg3 27. hxg3 e4
28. Rc3 Re6 29. Rc5 Rd6 30. Qxe4 Ra7 31. Rxd5 Rxd5 32. Qxd5+ Qxd5 33. Bxd5+ Kf8
34. Bc4 Ke7 35. g4 1-0

[Event "XXXV Memorial Edoardo Crespi A"]
[Site "Milano ITA"]
[Date "2014.12.06"]
[Round "3"]
[White "Marinc, Damir"]
[Black "Ranfagni, Stefano"]
[WhiteElo "2049"]
[BlackElo "2016"]
[Result "1/2-1/2"]
[PlyCount "117"]
[EventDate "2014.12.04"]

1. e4 e6 2. d3 d5 3. Nd2 Nf6 4. Ngf3 b6 5. g3 Bb7 6. e5 Nfd7 7. Bg2 c5 8. O-O
Nc6 9. Re1 Qc7 10. Qe2 O-O-O 11. c3 g5 12. Nxg5 Ndxe5 13. f4 Ng6 14. Bh3 Kb8
15. Bxe6 fxe6 16. Nxe6 Qd7 17. Nxd8 Nxd8 18. Qe8 Qxe8 19. Rxe8 Kc7 20. Re1 Bd6
21. Nf3 d4 22. Ng5 dxc3 23. bxc3 Ba6 24. d4 cxd4 25. cxd4 h6 26. Ne6+ Nxe6 27.
Rxe6 Ne7 28. Bb2 Kd7 29. Rae1 Rh7 30. Rf6 Nd5 31. Rf5 Nb4 32. Re3 Nc2 33. Rf3
Re7 34. Re5 Bxe5 35. dxe5 Ne1 36. Ra3 Bc4 37. Rxa7+ Ke8 38. Ra8+ Kf7 39. Ba3
Rd7 40. Bd6 Nf3+ 41. Kf2 Nxh2 42. Ke3 Bd5 43. Rb8 Rb7 44. Rh8 Kg6 45. a3 Nf1+
46. Kd4 Be6 47. Rf8 Rf7 48. Re8 Bd7 49. Rg8+ Kh7 50. Rd8 Nxg3 51. Kd5 Ne2 52.
e6 Nxf4+ 53. Bxf4 Bxe6+ 54. Ke5 Bg4 55. Rd6 Re7+ 56. Kd4 Re6 57. a4 Kg6 58.
Rxe6+ Bxe6 59. Bc7 1/2-1/2

[Event "XXXV Memorial Edoardo Crespi A"]
[Site "Milano ITA"]
[Date "2014.12.06"]
[Round "3"]
[White "Miracola, Giorgia"]
[Black "Regorda, Vittorio"]
[WhiteElo "1856"]
[BlackElo "1780"]
[Result "1-0"]
[PlyCount "65"]
[EventDate "2014.12.04"]

1. e4 e6 2. d4 d5 3. Nc3 c5 4. Bb5+ Nc6 5. Nge2 a6 6. Bxc6+ bxc6 7. O-O Nf6 8.
Bg5 Be7 9. dxc5 Bxc5 10. e5 h6 11. exf6 hxg5 12. fxg7 Rg8 13. Nd4 Bd7 14. Nb3
Ba7 15. Kh1 Qf6 16. Qd3 Bb8 17. Nc5 Qxg7 18. Nxd7 Kxd7 19. Na4 Bc7 20. Nc5+ Ke7
21. g3 Rh8 22. Kg2 Qh6 23. Rh1 Qh3+ 24. Kg1 Rhb8 25. Nxa6 Rxb2 26. Qa3+ Kd7 27.
Nc5+ Kd6 28. Ne4+ Ke5 29. Qxb2+ Kxe4 30. Re1+ Kf5 31. Qg7 Qh5 32. h3 Qg6 33.
g4+ 1-0

[Event "XXXV Memorial Edoardo Crespi A"]
[Site "Milano ITA"]
[Date "2014.12.06"]
[Round "3"]
[White "Montaruli, Roberto"]
[Black "Botta, Massimiliano"]
[WhiteElo "1835"]
[BlackElo "1786"]
[Result "1/2-1/2"]
[PlyCount "56"]
[EventDate "2014.12.04"]

1. d4 Nf6 2. Nc3 d5 3. Bg5 Nbd7 4. f3 h6 5. Bxf6 Nxf6 6. e4 e6 7. Bd3 c5 8. e5
Nd7 9. f4 cxd4 10. Nb5 Bb4+ 11. Kf2 Nc5 12. Nxd4 Nxd3+ 13. Qxd3 Bd7 14. Ngf3 g5
15. fxg5 hxg5 16. Nxe6 fxe6 17. Qg6+ Kf8 18. Nxg5 Qe8 19. Nh7+ Rxh7 20. Qxh7
Qf7+ 21. Qxf7+ Kxf7 22. g4 Bc5+ 23. Kg3 Bb5 24. a4 Bc4 25. b3 Ba6 26. c3 Bd3
27. Rad1 Bc2 28. Rdf1+ Kg7 1/2-1/2

[Event "XXXV Memorial Edoardo Crespi A"]
[Site "Milano ITA"]
[Date "2014.12.06"]
[Round "3"]
[White "Moreschi, Mauro"]
[Black "Pecorario, Stefano"]
[WhiteElo "1795"]
[BlackElo "1877"]
[Result "1-0"]
[PlyCount "21"]
[EventDate "2014.12.04"]

1. e4 e5 2. Nc3 Nf6 3. f4 d5 4. fxe5 Nxe4 5. d3 Qh4+ 6. g3 Nxg3 7. Nf3 Qh5 8.
Nxd5 Na6 9. Nf4 Qh6 10. Ne2 Qc6 11. Nxg3 1-0

[Event "XXXV Memorial Edoardo Crespi A"]
[Site "Milano ITA"]
[Date "2014.12.06"]
[Round "3"]
[White "Mouflih, Caesar Faycal"]
[Black "Virzi, Ettore"]
[WhiteElo "2023"]
[BlackElo "1966"]
[Result "1-0"]
[PlyCount "43"]
[EventDate "2014.12.04"]

1. e4 e5 2. Nf3 Nc6 3. Bb5 a6 4. Ba4 Nf6 5. O-O b5 6. Bb3 Bc5 7. Nxe5 Nxe5 8.
d4 Bxd4 9. Qxd4 d6 10. f4 c5 11. Qc3 Neg4 12. e5 Bb7 13. exf6 O-O 14. Qh3 Nxf6
15. c3 Re8 16. Be3 Qe7 17. Re1 c4 18. Bc2 g6 19. Nd2 Nd5 20. Be4 Nxe3 21. Bxb7
Qxb7 22. Rxe3 1-0

[Event "XXXV Memorial Edoardo Crespi A"]
[Site "Milano ITA"]
[Date "2014.12.06"]
[Round "3"]
[White "Nepi, Ezio"]
[Black "Ventura, Salvatore"]
[WhiteElo "1962"]
[BlackElo "2049"]
[Result "0-1"]
[PlyCount "58"]
[EventDate "2014.12.04"]

1. d4 e6 2. c4 f5 3. Nf3 Nf6 4. g3 d5 5. Bg2 c6 6. O-O Bd6 7. Qc2 O-O 8. Nc3
Bd7 9. Rb1 Qe7 10. a3 b5 11. cxb5 cxb5 12. b4 Rc8 13. Qd3 a6 14. Nd2 Ne4 15.
Ncxe4 fxe4 16. Qb3 Nc6 17. Bb2 a5 18. Bc3 axb4 19. axb4 Ra4 20. Ra1 Bxb4 21.
Rxa4 bxa4 22. Bxb4 Qxb4 23. Qxb4 Nxb4 24. Nb1 Nc2 25. Rc1 Nxd4 26. Rxc8+ Bxc8
27. e3 Nc2 28. Bf1 a3 29. Nc3 Nb4 0-1

[Event "XXXV Memorial Edoardo Crespi A"]
[Site "Milano ITA"]
[Date "2014.12.06"]
[Round "3"]
[White "Nordio, Giorgio"]
[Black "Casartelli, Fabio"]
[WhiteElo "1766"]
[BlackElo "1847"]
[Result "1-0"]
[PlyCount "85"]
[EventDate "2014.12.04"]

1. c4 Nf6 2. g3 g6 3. Bg2 Bg7 4. Nc3 O-O 5. Nf3 d6 6. O-O Nbd7 7. d3 e5 8. Rb1
a5 9. a3 Nc5 10. b4 axb4 11. axb4 Ne6 12. Be3 Ng4 13. Qc1 Nxe3 14. Qxe3 c6 15.
Qc1 Nd4 16. e3 Nxf3+ 17. Bxf3 f5 18. b5 Bd7 19. e4 f4 20. Qd1 Qg5 21. Kg2 h5
22. h3 Ra3 23. bxc6 Bxc6 24. Rc1 Bh6 25. Qe2 fxg3 26. fxg3 Qd2 27. Rc2 Qg5 28.
Nb1 Raa8 29. Nc3 Rf7 30. Qd1 h4 31. Qe1 Raf8 32. g4 Qd8 33. Ne2 b5 34. Qb4 Qb6
35. cxb5 Qxb5 36. Qxd6 Rf6 37. Qa3 Qb6 38. Qc5 Qxc5 39. Rxc5 Rd8 40. Rxe5 Rxd3
41. g5 Bxg5 42. Rxg5 Bxe4 43. Bxe4 1-0

[Event "XXXV Memorial Edoardo Crespi A"]
[Site "Milano ITA"]
[Date "2014.12.06"]
[Round "3"]
[White "Sibajeva, Marija"]
[Black "Ciciotti, Augusto"]
[WhiteElo "1817"]
[BlackElo "1880"]
[Result "1/2-1/2"]
[PlyCount "119"]
[EventDate "2014.12.04"]

1. e4 c5 2. Nf3 g6 3. d4 cxd4 4. Nxd4 Nc6 5. c4 Nf6 6. Nc3 Bg7 7. Be3 Ng4 8.
Qxg4 Nxd4 9. Qd1 e5 10. Qd2 O-O 11. Rd1 Qa5 12. a3 Re8 13. f3 a6 14. Nd5 Nc2+
15. Kf2 Qxd2+ 16. Rxd2 Nxe3 17. Nc7 Nxf1 18. Rxf1 Rd8 19. Nxa8 Bf8 20. Nc7 Bc5+
21. Ke2 d6 22. Rfd1 f5 23. Nd5 Be6 24. h3 Kf7 25. Rc2 h5 26. Nb4 Bd7 27. Rd3 g5
28. Rc1 g4 29. hxg4 fxe4 30. fxe4 Bxg4+ 31. Kd2 Ke7 32. Nd5+ Ke6 33. Rf1 Rh8
34. Rf6+ Kd7 35. Rf7+ Kc8 36. Rb3 Bd7 37. Nb6+ Bxb6 38. Rxb6 Bc6 39. Rg7 Rf8
40. Rb3 Bxe4 41. Ke2 Rf4 42. Rbg3 Bc6 43. Rh7 Kb8 44. b3 h4 45. Rgg7 Ka7 46.
Rh6 Rd4 47. Rgg6 Be4 48. Rxd6 Rxd6 49. Rxd6 Bxg2 50. Rh6 h3 51. Kf2 Kb8 52. Kg3
Kc7 53. Re6 e4 54. b4 Kd7 55. Rh6 e3 56. b5 axb5 57. cxb5 e2 58. Kf2 Bf1 59. a4
Kc7 60. b6+ 1/2-1/2

[Event "XXXV Memorial Edoardo Crespi A"]
[Site "Milano ITA"]
[Date "2014.12.06"]
[Round "3"]
[White "Valdettaro, Filippo"]
[Black "Burani, Eugenio"]
[WhiteElo "1750"]
[BlackElo "1837"]
[Result "1-0"]
[PlyCount "69"]
[EventDate "2014.12.04"]

1. e4 c5 2. Nf3 Nc6 3. Bb5 d6 4. Bxc6+ bxc6 5. O-O g6 6. Re1 Bg7 7. Nc3 e5 8.
d3 Nf6 9. h3 O-O 10. Bg5 h6 11. Be3 Nh5 12. Nh2 Nf4 13. Ne2 g5 14. c3 f5 15.
Nxf4 exf4 16. Bd2 Rb8 17. Qc2 fxe4 18. dxe4 Be5 19. Nf3 g4 20. hxg4 Bxg4 21.
Nxe5 dxe5 22. f3 Be6 23. Re2 Bc4 24. Rf2 Bd3 25. Qa4 Qc7 26. c4 Rxb2 27. Qa3
Rb1+ 28. Rxb1 Bxb1 29. Ba5 Qd6 30. Rd2 Qe7 31. Qb3 Bxe4 32. fxe4 Qh4 33. Qf3
Rf7 34. Rd6 Rg7 35. Rxc6 1-0

[Event "XXXV Memorial Edoardo Crespi A"]
[Site "Milano ITA"]
[Date "2014.12.06"]
[Round "3"]
[White "Villalba, Fernando"]
[Black "Ricci, Leonardo"]
[WhiteElo "1848"]
[BlackElo "1814"]
[Result "1-0"]
[PlyCount "97"]
[EventDate "2014.12.04"]

1. d4 Nf6 2. Nf3 g6 3. Bf4 Bg7 4. e3 d6 5. c3 O-O 6. Nbd2 Nc6 7. Be2 Nh5 8. Bg5
f5 9. O-O b6 10. Ne1 Nf6 11. Bf3 Bb7 12. Nd3 Qd7 13. b4 Rae8 14. Nf4 e5 15.
Bxf6 Bxf6 16. d5 exf4 17. dxc6 Bxc6 18. exf4 Kh8 19. Rc1 Re7 20. Nb3 Rfe8 21.
Nd4 Bxf3 22. Nxf3 Re2 23. Qd5 Rb2 24. Ng5 Ree2 25. a3 Qe7 26. h4 Ra2 27. Qa8+
Kg7 28. Qxa7 Rac2 29. Rxc2 Rxc2 30. Qa4 Rxc3 31. Qa8 d5 32. Qxd5 Rxa3 33. Nf3
Qxb4 34. Ng5 Qe7 35. Ne6+ Kh6 36. g3 Qd6 37. Qc4 Rc3 38. Qe2 Rc6 39. Ng5 Bxg5
40. hxg5+ Kg7 41. Qb2+ Kg8 42. Ra1 Qd5 43. Ra8+ Kf7 44. Rh8 Qd1+ 45. Kh2 Qd6
46. Rxh7+ Ke8 47. Qh8+ Qf8 48. Qe5+ Kd8 49. Rh8 1-0

[Event "XXXV Memorial Edoardo Crespi A"]
[Site "Milano ITA"]
[Date "2014.12.06"]
[Round "4"]
[White "Andolfatto, Maria"]
[Black "Bisignano, Giuseppe"]
[WhiteElo "1751"]
[BlackElo "1850"]
[Result "1/2-1/2"]
[PlyCount "97"]
[EventDate "2014.12.04"]

1. Nf3 Nf6 2. b3 c5 3. Bb2 Nc6 4. e3 d5 5. Bb5 Bd7 6. O-O e6 7. d3 Bd6 8. Nbd2
O-O 9. Qe2 Re8 10. Bxc6 Bxc6 11. Ne5 Bxe5 12. Bxe5 Nd7 13. Bb2 e5 14. e4 d4 15.
Rae1 Re6 16. Bc1 b5 17. f4 c4 18. bxc4 bxc4 19. Nxc4 exf4 20. Rxf4 Nb6 21. Nxb6
axb6 22. a3 Qc7 23. Qf2 Bb5 24. Rf5 Ba4 25. Qxd4 Bxc2 26. Bb2 f6 27. Rc1 Rc8
28. Rf2 Rc6 29. Qe3 Qf7 30. e5 Qb3 31. Bd4 Qxd3 32. exf6 Qxe3 33. f7+ Kf8 34.
Bxe3 Bg6 35. Rxc6 Rxc6 36. Rb2 Rc3 37. Bxb6 Kxf7 38. a4 Ke6 39. h3 Ra3 40. a5
Kd5 41. Rd2+ Kc6 42. Rd1 Be4 43. Rd2 h5 44. Kf2 g6 45. Re2 Kd5 46. Rd2+ Ke5 47.
Bc7+ Kf5 48. Rb2 Bd3 49. Rd2 1/2-1/2

[Event "XXXV Memorial Edoardo Crespi A"]
[Site "Milano ITA"]
[Date "2014.12.06"]
[Round "4"]
[White "Blasco, Domenico"]
[Black "Moreschi, Mauro"]
[WhiteElo "1902"]
[BlackElo "1795"]
[Result "0-1"]
[PlyCount "72"]
[EventDate "2014.12.04"]

1. d4 Nf6 2. Nf3 b6 3. e3 e6 4. Nbd2 Bb7 5. Bd3 d5 6. O-O c5 7. b3 Nc6 8. Bb2
Be7 9. Ne5 Nxe5 10. dxe5 Nd7 11. f4 g6 12. Qg4 Qc7 13. a4 a5 14. Rac1 O-O-O 15.
Qe2 Kb8 16. e4 Rhf8 17. exd5 exd5 18. Rcd1 Rde8 19. Bb5 Bc6 20. Bxc6 Qxc6 21.
Qf3 Kb7 22. Nc4 d4 23. c3 Qxf3 24. Rxf3 dxc3 25. Bxc3 Nb8 26. Rfd3 Kc7 27. Kf2
Kc6 28. Kf3 Rd8 29. Rxd8 Bxd8 30. Ke4 Bc7 31. g4 Nd7 32. Rd3 Re8 33. Rh3 f6 34.
Rxh7 fxe5 35. Nxe5+ Bxe5 36. Kd3 Bxf4 0-1

[Event "XXXV Memorial Edoardo Crespi A"]
[Site "Milano ITA"]
[Date "2014.12.06"]
[Round "4"]
[White "Bonassi, Tommaso"]
[Black "Marinc, Damir"]
[WhiteElo "1981"]
[BlackElo "2049"]
[Result "1-0"]
[PlyCount "55"]
[EventDate "2014.12.04"]

1. e4 e6 2. Nf3 d5 3. e5 c5 4. b4 c4 5. c3 Bd7 6. d4 cxd3 7. Bxd3 Qc7 8. O-O
Nc6 9. Re1 Nge7 10. Bf4 f5 11. h3 h6 12. h4 g6 13. Na3 a6 14. Rc1 Qd8 15. Qd2
Nc8 16. Bh2 b5 17. h5 Rg8 18. Nc2 N8e7 19. hxg6 Rxg6 20. Qe2 Qb6 21. Nh4 Rg4
22. Nxf5 exf5 23. e6 Bc8 24. Bxf5 Rg5 25. Bh3 Bb7 26. Bf4 Rg6 27. Qh5 O-O-O 28.
Qxg6 1-0

[Event "XXXV Memorial Edoardo Crespi A"]
[Site "Milano ITA"]
[Date "2014.12.06"]
[Round "4"]
[White "Botta, Massimiliano"]
[Black "Nepi, Ezio"]
[WhiteElo "1786"]
[BlackElo "1962"]
[Result "1-0"]
[PlyCount "99"]
[EventDate "2014.12.04"]

1. e4 c5 2. Nf3 d6 3. d4 cxd4 4. Nxd4 Nf6 5. Nc3 Nc6 6. Bg5 Bd7 7. Bc4 Rc8 8.
Bb3 Qa5 9. Bxf6 gxf6 10. O-O Qg5 11. f4 Qc5 12. Nce2 e5 13. fxe5 dxe5 14. Rxf6
Nxd4 15. Nxd4 Qxd4+ 16. Kh1 Qxd1+ 17. Rxd1 Bc6 18. Bxf7+ Ke7 19. Rdf1 Bg7 20.
Re6+ Kd8 21. Bh5 Rc7 22. Bg4 Bd7 23. Rd6 Bf8 24. Rd5 h5 25. Bh3 Kc8 26. Rxd7
Rxd7 27. Rf7 Bc5 28. Rxd7 Kb8 29. Rd5 Rf8 30. g3 b6 31. Rxe5 Rf2 32. Rxh5 Rxc2
33. Be6 Rxb2 34. g4 Re2 35. Bd5 Re1+ 36. Kg2 Rg1+ 37. Kf3 Kc7 38. Kf4 Bd6+ 39.
Kf5 Kd7 40. Rh7+ Be7 41. h4 Rf1+ 42. Ke5 Ke8 43. g5 Kf8 44. Ke6 Bc5 45. h5 a5
46. g6 Bd4 47. e5 Rg1 48. Be4 Re1 49. g7+ Kg8 50. h6 1-0

[Event "XXXV Memorial Edoardo Crespi A"]
[Site "Milano ITA"]
[Date "2014.12.06"]
[Round "4"]
[White "Burani, Eugenio"]
[Black "Beltrami, Francesco"]
[WhiteElo "1837"]
[BlackElo "1849"]
[Result "1-0"]
[PlyCount "39"]
[EventDate "2014.12.04"]

1. e4 c5 2. Nf3 Nc6 3. d4 cxd4 4. Nxd4 Nf6 5. Nc3 e5 6. Ndb5 d6 7. Bg5 a6 8.
Na3 b5 9. Nd5 Be6 10. c4 Nd4 11. cxb5 axb5 12. Bxf6 Qa5+ 13. Qd2 Bxd5 14. Qxa5
Rxa5 15. exd5 gxf6 16. Rc1 b4 17. Nc4 Rxd5 18. Ne3 Rc5 19. Rxc5 dxc5 20. Bc4 {
...} 1-0

[Event "XXXV Memorial Edoardo Crespi A"]
[Site "Milano ITA"]
[Date "2014.12.13"]
[Round "4"]
[White "Casartelli, Fabio"]
[Black "Calcagno, Stefano"]
[WhiteElo "1847"]
[BlackElo "1828"]
[Result "0-1"]
[PlyCount "74"]
[EventDate "2014.12.04"]

1. d4 d5 2. c4 e6 3. Nc3 Nf6 4. Nf3 Nbd7 5. Bf4 c6 6. e3 Be7 7. Bd3 h6 8. O-O
O-O 9. Re1 b6 10. Qe2 Bb7 11. Rad1 Re8 12. h3 dxc4 13. Bxc4 Nd5 14. Bg3 b5 15.
Bxd5 exd5 16. a3 a5 17. Qd3 b4 18. Ne2 Ba6 19. Qf5 bxa3 20. bxa3 Bxa3 21. Nf4
Bb4 22. Ne5 Nxe5 23. dxe5 Bxe1 24. Rxe1 Bc8 25. Qc2 Bd7 26. Nd3 Bf5 27. Rc1 c5
28. Qc3 c4 29. Nc5 Qb6 30. e4 dxe4 31. Qxc4 Rec8 32. Bf4 a4 33. g4 Bg6 34. Be3
a3 35. Bd4 a2 36. Ra1 Ra5 37. h4 Raxc5 0-1

[Event "XXXV Memorial Edoardo Crespi A"]
[Site "Milano ITA"]
[Date "2014.12.06"]
[Round "4"]
[White "Ferrari, Claudio"]
[Black "Barolo, Andrea"]
[WhiteElo "1969"]
[BlackElo "1968"]
[Result "1-0"]
[PlyCount "77"]
[EventDate "2014.12.04"]

1. e4 e5 2. Nf3 Nc6 3. Bc4 Bc5 4. b4 Bxb4 5. c3 Be7 6. d4 Na5 7. Bd3 d6 8. dxe5
dxe5 9. Nxe5 Nf6 10. O-O O-O 11. Qe2 Bd6 12. Nf3 Nc6 13. Bg5 h6 14. Be3 Ng4 15.
Bd4 Nce5 16. Nxe5 Bxe5 17. h3 Qh4 18. f4 Bxd4+ 19. cxd4 Nf6 20. Qf2 Qxf2+ 21.
Kxf2 Re8 22. Nc3 Bd7 23. e5 Nh7 24. Nd5 Red8 25. Nxc7 Rac8 26. Nd5 Re8 27. Rfc1
Bc6 28. Ne3 Rcd8 29. Nf5 Nf8 30. Nd6 Re7 31. Bc4 Be8 32. Rab1 b6 33. Bd5 b5 34.
Rc5 a6 35. Rbc1 Ne6 36. Bxe6 fxe6 37. Rc8 Rxc8 38. Rxc8 Kf8 39. Ke3 1-0

[Event "XXXV Memorial Edoardo Crespi A"]
[Site "Milano ITA"]
[Date "2014.12.06"]
[Round "4"]
[White "Laurino, Alberto"]
[Black "Cerioni, Armando"]
[WhiteElo "1770"]
[BlackElo "1938"]
[Result "1/2-1/2"]
[PlyCount "81"]
[EventDate "2014.12.04"]

1. e4 c6 2. Nf3 d5 3. exd5 cxd5 4. Nc3 Nc6 5. d4 Bg4 6. Be2 e6 7. a3 Bd6 8. Be3
Nge7 9. h3 Bxf3 10. Bxf3 Nf5 11. Qd2 Nxe3 12. Qxe3 O-O 13. O-O Qf6 14. Ne2 Rac8
15. c3 Ne7 16. Bg4 g6 17. g3 h5 18. Bf3 Nf5 19. Qd2 Nh4 20. Bg2 Nf3+ 21. Bxf3
Qxf3 22. Qe3 Qf5 23. Kg2 Kg7 24. Ng1 g5 25. Rae1 g4 26. h4 Kh7 27. Rd1 Rc6 28.
Qd3 Qxd3 29. Rxd3 Rb6 30. Rd2 Rg8 31. Re1 Bf8 32. Re5 Bh6 33. Rc2 f6 34. Re1
Rc6 35. Ne2 Re8 36. Nc1 Kg6 37. Nd3 Kf7 38. Rce2 Rd6 39. a4 b6 40. Nb4 Rd7 41.
Nd3 1/2-1/2

[Event "XXXV Memorial Edoardo Crespi A"]
[Site "Milano ITA"]
[Date "2014.12.06"]
[Round "4"]
[White "Lavorgna, Filippo"]
[Black "Sibajeva, Marija"]
[WhiteElo "1739"]
[BlackElo "1817"]
[Result "0-1"]
[PlyCount "80"]
[EventDate "2014.12.04"]

1. c4 c5 2. Nc3 Nc6 3. g3 g6 4. Bg2 Bg7 5. Nf3 e5 6. d3 Nge7 7. O-O d6 8. Bd2
O-O 9. Rb1 h6 10. a3 Be6 11. b4 cxb4 12. axb4 d5 13. b5 Nd4 14. c5 Qc7 15. Nxd4
exd4 16. Na4 b6 17. Bf4 Qd8 18. cxb6 axb6 19. Rc1 Ra7 20. Qb3 g5 21. Bd2 Qb8
22. Bb4 Re8 23. Nb2 Qa8 24. Rc2 Ra1 25. Rfc1 Rc8 26. Rxc8+ Nxc8 27. Qd1 Ra2 28.
Rb1 Kh7 29. h3 Be5 30. Kh2 Nd6 31. Bxd6 Bxd6 32. Nc4 Bc7 33. Bf3 Qa7 34. Nd2
Be5 35. Qc1 Qa3 36. Qxa3 Rxa3 37. Rb4 f5 38. Kg2 g4 39. hxg4 fxg4 40. Bxg4 Bxg4
0-1